| 000 | 00426nam a2200181Ia 4500 | ||
|---|---|---|---|
| 003 | 0100 | ||
| 008 | 130303s9999 xx 000 0 und d | ||
| 040 | _cARRUPELIB | ||
| 050 | _aJC571.P47 1985 | ||
| 100 | _aWerhane, Patricia H | ||
| 245 | _aPhilosophical Issues in Human Rights | ||
| 245 | _bTheories and Applications | ||
| 260 | _aNY | ||
| 260 | _bRandom House, INC | ||
| 260 | _C1985 | ||
| 300 | _a499p | ||
| 942 | 0 | 0 | _02 |
| 999 |
_c23550 _d23550 |
||